Interactive history - modulárne informačné prvky pre múzeá
Salvato in:
| Autore principale: | |
|---|---|
| Altri autori: | |
| Natura: | Manoscritto Libro |
| Lingua: | slovacco |
| Pubblicazione: |
2024
|
| Soggetti: | |
| Accesso online: | http://is.stuba.sk/zp/portal_zp.pl?podrobnosti=162166 |
| Tags: |
Nessun Tag, puoi essere il primo ad aggiungerne!!
|
MARC
| LEADER | 00000ntm a22000003a 4500 | ||
|---|---|---|---|
| 001 | stuzp99971 | ||
| 003 | SK-STU | ||
| 005 | 20240615211716.1 | ||
| 007 | ta | ||
| 008 | 150427s2015----xo-----f-mn---000-0-slo-d | ||
| 040 | |a STU |b slo | ||
| 041 | 0 | |a slo | |
| 100 | 1 | |a Malková, Linda |u 052120 |4 aut |U FAD Fakulta architektúry a dizajnu |T FAD Ústav ekologickej a experimentálnej architektúry |X 110400 |U A2120 |Y 393 |7 110400 | |
| 242 | 0 | 1 | |a Interactive history - modular information elements for museums |y eng |
| 245 | 1 | 0 | |a Interactive history - modulárne informačné prvky pre múzeá |
| 260 | |c 2024 | ||
| 650 | 4 | |a múzeum |2 slo | |
| 650 | 4 | |a digitalizácia |2 slo | |
| 650 | 4 | |a interaktivita |2 slo | |
| 650 | 4 | |a informačné prvky |2 slo | |
| 650 | 4 | |a interakcia |2 slo | |
| 650 | 4 | |a e-ink displeje |2 slo | |
| 650 | 4 | |a museum |2 eng | |
| 650 | 4 | |a information elements |2 eng | |
| 650 | 4 | |a digitalization |2 eng | |
| 650 | 4 | |a interaction |2 eng | |
| 650 | 4 | |a e-ink displays |2 eng | |
| 650 | 4 | |a interactivity |2 eng | |
| 700 | 1 | |a Uhrík, Martin |u 052120 |k Z1 |4 ths |U FAD Fakulta architektúry a dizajnu |T FAD Ústav ekologickej a experimentálnej architektúry |X 3746 |U A2120 |Y 393 |7 A000003746 | |
| 856 | 4 | |u http://is.stuba.sk/zp/portal_zp.pl?podrobnosti=162166 | |